Statistics for San Diego Airport (SAN) Destinations

Click here to take the quiz!

General Stats

  • This quiz has been taken 445 times
    (410 since last reset)
  • The average score is 50 of 72

Answer Stats

HintAnswer% Correct
Alaska Air, Southwest, United, United ExpressSan Francisco
92%
Alaska Air, Delta, Delta Connection, SouthwestSeattle/Tacoma
92%
American Airlines, Delta, JetBlueNew York-JFK
91%
American Eagle, Delta, Delta Connection, United ExpressLos Angeles
90%
Delta, SouthwestAtlanta
88%
American Airlines, SpiritDallas/Fort Worth
88%
Alaska Air, SouthwestDallas-Love
88%
Frontier, Southwest, Spirit, United, United ExpressDenver
88%
Alaska Air, Hawaiian AirHonolulu
88%
SouthwestHouston-Hobby
88%
Spirit, UnitedHouston-Intercontinental
88%
Delta Connection, Southwest, SpiritLas Vegas
88%
American AirlinesMiami
88%
Alaska Air, JetBlueBoston
87%
SouthwestChicago-Midway
87%
American Airlines, SouthwestPhoenix
87%
Alaska Air, SouthwestPortland (OR)
87%
American Airlines, Spirit, UnitedChicago-O'hare
86%
British AirwaysLondon-Heathrow
86%
Alaska Air, Delta, Southwest, SpiritSan Jose del Cabo
86%
Air Canada RougeToronto-Pearson
86%
Air Canada, WestJetVancouver
84%
Alaska Air, Frontier, SouthwestAustin
83%
Delta, SpiritDetroit
83%
Alaska Air, SouthwestSan Jose (CA)
83%
Japan AirlinesTokyo-Narita
82%
Alaska Air, Frontier, SouthwestOrlando
81%
UnitedWashington-Dulles
81%
Alaska Air, Delta, Sun CountryMinneapolis/St. Paul
80%
Alaska Air, Delta, Delta Connection, SouthwestSalt Lake City
79%
SouthwestTampa
79%
American AirlinesCharlotte
78%
American AirlinesPhiladelphia
77%
Alaska Air, SouthwestKansas City
76%
Alaska AirMexico City
76%
SouthwestNew Orleans
76%
Alaska Air, SouthwestBoise
75%
Alaska Air, SouthwestSacramento
75%
Alaska Air, Southwest, SpiritBaltimore
74%
SouthwestNashville
74%
Frontier, SouthwestSan Antonio
74%
LufthansaFrankfurt
72%
WestJetCalgary
71%
FrontierCleveland
71%
Alaska Air, Southwest, UnitedNewark
71%
SouthwestReno/Tahoe
71%
Alaska Air, SouthwestSt. Louis
71%
Alaska Air, SouthwestAlbuquerque
69%
Allegiant Air, SouthwestEl Paso
69%
SouthwestOakland
67%
FrontierOklahoma City
67%
SouthwestTucson
67%
SouthwestIndianapolis
66%
FrontierCincinnati
62%
Alaska AirFresno
62%
SouthwestMilwaukee
59%
FrontierColorado Springs
57%
Alaska AirOmaha
55%
JetBlueFort Lauderdale
54%
SouthwestSpokane
53%
FrontierTulsa
53%
Edelweiss AirZurich
53%
Alaska AirKailua-Kona
41%
Alaska AirKahului
35%
Alaska AirLihue
34%
Alaska Air, SouthwestPuerto Vallarta
33%
Allegiant AirBellingham
23%
Alaska AirSanta Rosa
21%
Allegiant AirProvo
20%
Allegiant AirStockton
18%
Alaska AirHayden/Steamboat Springs
11%
Alaska AirMammoth Lakes
10%

Score Distribution

Percentile by Number Answered

Percent of People with Each Score

Your Score History

You have not taken this quiz since the last reset